000 00461nam a22001697a 4500
999 _c478569
_d478569
003 NUST
005 20180605042710.0
008 180605b ||||| |||| 00| 0 eng d
020 _a9788131218594
038 _aSNS Library
082 _a512.7 KOS 2007
100 _aThomas Koshy
_910949
245 _aElementary Number Theory With Applications
_cThomas Koshy
260 _aIndia
_bAP Academic Press
_c2007
300 _axxiii,771 p.
_bPb
942 _2ddc
_cBK